<?xml version="1.0" encoding="UTF-8"?>
<record
    xmlns:xsi="http://www.w3.org/2001/XMLSchema-instance"
    xsi:schemaLocation="http://www.loc.gov/MARC21/slim http://www.loc.gov/standards/marcxml/schema/MARC21slim.xsd"
    xmlns="http://www.loc.gov/MARC21/slim">

  <leader>03251nam a22003737a 4500</leader>
  <controlfield tag="003">OSt</controlfield>
  <controlfield tag="005">20260507142232.0</controlfield>
  <controlfield tag="008">251001b        |||||||| |||| 00| 0 eng d</controlfield>
  <datafield tag="020" ind1=" " ind2=" ">
    <subfield code="a">9786210404548</subfield>
  </datafield>
  <datafield tag="040" ind1=" " ind2=" ">
    <subfield code="a">Foundation University</subfield>
    <subfield code="b">English</subfield>
    <subfield code="c">Foundation University</subfield>
    <subfield code="e">rda</subfield>
  </datafield>
  <datafield tag="041" ind1=" " ind2=" ">
    <subfield code="a">eng</subfield>
  </datafield>
  <datafield tag="050" ind1=" " ind2=" ">
    <subfield code="a">HD 61 </subfield>
    <subfield code="b">.2020 R53</subfield>
  </datafield>
  <datafield tag="100" ind1=" " ind2=" ">
    <subfield code="a">Ricaforte, Benigno Glenn R.</subfield>
    <subfield code="e">author</subfield>
    <subfield code="9">12326</subfield>
  </datafield>
  <datafield tag="245" ind1=" " ind2=" ">
    <subfield code="a">Risk management as applied to safety, security, and sanitation /</subfield>
    <subfield code="c">Benigno Glenn R. Ricaforte, Ph.D., RMicro, CGSP, Reil G. Cruz, Ph.D.; coordinator</subfield>
  </datafield>
  <datafield tag="250" ind1=" " ind2=" ">
    <subfield code="a">First edition</subfield>
  </datafield>
  <datafield tag="260" ind1=" " ind2=" ">
    <subfield code="a">Manila, Philippines : </subfield>
    <subfield code="b">Rex Book Store,</subfield>
    <subfield code="c">c2020.</subfield>
  </datafield>
  <datafield tag="264" ind1=" " ind2=" ">
    <subfield code="4">2020</subfield>
  </datafield>
  <datafield tag="300" ind1=" " ind2=" ">
    <subfield code="a">viii, 241 pages :</subfield>
    <subfield code="b">illustration ;</subfield>
    <subfield code="c">25 cm.</subfield>
    <subfield code="3">resource</subfield>
    <subfield code="f">volume</subfield>
  </datafield>
  <datafield tag="336" ind1=" " ind2=" ">
    <subfield code="a">text</subfield>
    <subfield code="b">txt</subfield>
  </datafield>
  <datafield tag="337" ind1=" " ind2=" ">
    <subfield code="a">unmediated</subfield>
    <subfield code="b">n</subfield>
  </datafield>
  <datafield tag="338" ind1=" " ind2=" ">
    <subfield code="3">volume</subfield>
    <subfield code="a">volume</subfield>
    <subfield code="b">nc</subfield>
  </datafield>
  <datafield tag="490" ind1=" " ind2=" ">
    <subfield code="a">HRM-TOURISM series</subfield>
  </datafield>
  <datafield tag="500" ind1=" " ind2=" ">
    <subfield code="a">OBE Outcomes-Based Education -- Front cover</subfield>
  </datafield>
  <datafield tag="504" ind1=" " ind2=" ">
    <subfield code="a">Includes bibliographical references, appendices and index.</subfield>
  </datafield>
  <datafield tag="505" ind1=" " ind2=" ">
    <subfield code="a">Unit I : Risk assessment within the framework of risk identification, risk analysis, and risk evaluation. -- Unit II : Risk assessment as applied to safety and security. -- Unit III : Risk assessment as applied to food sanitation and safety.</subfield>
  </datafield>
  <datafield tag="520" ind1=" " ind2=" ">
    <subfield code="a">Formidable growth in the tourism industry and its importance ineconomy cannot be denied. Zurab Pololikashvili, Secretary-General of the World Tourism Organization through International Tourism Highlights, 2019 Edition mentioned that:
"Driven by a relatively strong global economy, a growing middleclass in emerging economies, technological advances, new business models, affordable travel costs and visa facilitation, international tourist arrivals grew 5% in 2018 to reach the 1.4 billion mark. This figure was reached two years ahead of UNWTO forecast."
Likewise, the Philippine Department of Tourism (DOT) reported unprecedented upward trend of Philippine international tourist arrivals of over 6.8 million visitors from January to October,2019 which was equivalent to a very respectable 15.04 % increase compared for the same period last year.
Given these two-fold scenarios, the book Risk Assessment as Applied to Safety, Security, and Sanitation aims to support Philippine Commission on Higher Education's Memorandum Order (CMO) No.62 Series of 2017 on Policies, Standards, and Guidelines for Bachelor ofScience in Tourism Management (BSTM) and Bachelor of Science in Hospitality Management (BSHM), "with the end view of keeping pace with the demands of local and global travel, tourism and hospitality environment to become globally competitive." Safety, security,and sanitation are part of the tourism and hospitality core course competencies for tourism management and hospitality management -- Preface</subfield>
  </datafield>
  <datafield tag="650" ind1=" " ind2=" ">
    <subfield code="2">LC</subfield>
    <subfield code="a">Risk management</subfield>
    <subfield code="9">9935</subfield>
  </datafield>
  <datafield tag="650" ind1=" " ind2=" ">
    <subfield code="2">LC</subfield>
    <subfield code="a">Safety regulations</subfield>
    <subfield code="9">12327</subfield>
  </datafield>
  <datafield tag="650" ind1=" " ind2=" ">
    <subfield code="2">LC</subfield>
    <subfield code="a">Securities</subfield>
    <subfield code="9">12328</subfield>
  </datafield>
  <datafield tag="650" ind1=" " ind2=" ">
    <subfield code="2">LC</subfield>
    <subfield code="a">Sanitation</subfield>
    <subfield code="9">12329</subfield>
  </datafield>
  <datafield tag="658" ind1=" " ind2=" ">
    <subfield code="b">Risk Management as Applied to Safety, Security and Sanitation</subfield>
    <subfield code="c">HOSM 103</subfield>
  </datafield>
  <datafield tag="856" ind1=" " ind2=" ">
    <subfield code="u">https://drive.google.com/file/d/18Z4IMe1iyfKBh1YrbSsQzLFjsTUO00oa/view?usp=sharing</subfield>
    <subfield code="y">Click here to view the table of contents</subfield>
  </datafield>
  <datafield tag="942" ind1=" " ind2=" ">
    <subfield code="2">lcc</subfield>
    <subfield code="c">BK</subfield>
    <subfield code="e">First edition</subfield>
    <subfield code="h">HD 61 </subfield>
    <subfield code="i">.2020 R53</subfield>
    <subfield code="k">(CHM)</subfield>
    <subfield code="n">0</subfield>
  </datafield>
  <datafield tag="999" ind1=" " ind2=" ">
    <subfield code="c">5035</subfield>
    <subfield code="d">5035</subfield>
  </datafield>
  <datafield tag="952" ind1=" " ind2=" ">
    <subfield code="u">https://drive.google.com/file/d/18Z4IMe1iyfKBh1YrbSsQzLFjsTUO00oa/view?usp=sharing</subfield>
    <subfield code="0">0</subfield>
    <subfield code="1">0</subfield>
    <subfield code="2">lcc</subfield>
    <subfield code="4">0</subfield>
    <subfield code="7">7</subfield>
    <subfield code="8">NFIC</subfield>
    <subfield code="a">FOUNDATION</subfield>
    <subfield code="b">FOUNDATION</subfield>
    <subfield code="c">MAIN-CHM</subfield>
    <subfield code="d">2025-10-01</subfield>
    <subfield code="e">Purchase</subfield>
    <subfield code="l">0</subfield>
    <subfield code="o"> (CHM) HD 61  .2020 R53</subfield>
    <subfield code="p">0252025003045</subfield>
    <subfield code="r">2025-10-01 11:38:00</subfield>
    <subfield code="w">2025-10-01</subfield>
    <subfield code="y">BK</subfield>
    <subfield code="k">CHM-2025045</subfield>
  </datafield>
  <datafield tag="952" ind1=" " ind2=" ">
    <subfield code="u">https://drive.google.com/file/d/18Z4IMe1iyfKBh1YrbSsQzLFjsTUO00oa/view?usp=sharing</subfield>
    <subfield code="0">0</subfield>
    <subfield code="1">0</subfield>
    <subfield code="2">lcc</subfield>
    <subfield code="4">0</subfield>
    <subfield code="7">4</subfield>
    <subfield code="8">NFIC</subfield>
    <subfield code="a">FOUNDATION</subfield>
    <subfield code="b">FOUNDATION</subfield>
    <subfield code="c">MAIN-CHM</subfield>
    <subfield code="d">2026-05-07</subfield>
    <subfield code="e">Library Budget</subfield>
    <subfield code="l">0</subfield>
    <subfield code="o">(CHM-HosMgt) HD 61  .2020 R53 c.2</subfield>
    <subfield code="p">0252026003066</subfield>
    <subfield code="r">2026-05-07 14:15:21</subfield>
    <subfield code="w">2026-05-07</subfield>
    <subfield code="y">BK</subfield>
    <subfield code="k">CHM-HosMgt-2026066</subfield>
  </datafield>
  <datafield tag="952" ind1=" " ind2=" ">
    <subfield code="u">https://drive.google.com/file/d/18Z4IMe1iyfKBh1YrbSsQzLFjsTUO00oa/view?usp=sharing</subfield>
    <subfield code="0">0</subfield>
    <subfield code="1">0</subfield>
    <subfield code="2">lcc</subfield>
    <subfield code="4">0</subfield>
    <subfield code="7">0</subfield>
    <subfield code="8">NFIC</subfield>
    <subfield code="a">FOUNDATION</subfield>
    <subfield code="b">FOUNDATION</subfield>
    <subfield code="c">MAIN-CHM</subfield>
    <subfield code="d">2026-05-07</subfield>
    <subfield code="e">Library Budget</subfield>
    <subfield code="l">0</subfield>
    <subfield code="o">(CHM-HosMgt) HD 61  .2020 R53 c.3</subfield>
    <subfield code="p">0252026003067</subfield>
    <subfield code="r">2026-05-07 14:21:05</subfield>
    <subfield code="w">2026-05-07</subfield>
    <subfield code="y">BK</subfield>
    <subfield code="k">CHM-HosMgt-2026067</subfield>
  </datafield>
</record>
